Basic structures / (Record no. 11331)

000 -LEADER
fixed length control field 01798cam a2200373 i 4500
001 - CONTROL NUMBER
control field 18843180
005 - DATE AND TIME OF LATEST TRANSACTION
control field 20230307163832.0
008 - FIXED-LENGTH DATA ELEMENTS--GENERAL INFORMATION
fixed length control field 151104s2016 enk b 001 0 eng
010 ## - LIBRARY OF CONGRESS CONTROL NUMBER
LC control number 2015042934
020 ## - INTERNATIONAL STANDARD BOOK NUMBER
International Standard Book Number 9781118950876 (paperback)
040 ## - CATALOGING SOURCE
Original cataloging agency DLC
Language of cataloging eng
Transcribing agency DLC
Description conventions rda
Modifying agency DLC
042 ## - AUTHENTICATION CODE
Authentication code pcc
050 00 - LIBRARY OF CONGRESS CALL NUMBER
Classification number TA637
Item number .G37 2016
082 00 - DEWEY DECIMAL CLASSIFICATION NUMBER
Classification number 624.1
Edition number 23
084 ## - OTHER CLASSIFICATION NUMBER
Classification number TEC063000
Number source bisacsh
100 1# - MAIN ENTRY--PERSONAL NAME
Personal name Garrison, Philip,
Titles and words associated with a name CEng.,
Relator term author.
240 10 - UNIFORM TITLE
Uniform title Basic structures for engineers and architects
245 10 - TITLE STATEMENT
Title Basic structures /
Statement of responsibility, etc. Philip Garrison.
250 ## - EDITION STATEMENT
Edition statement 3rd edition.
264 #1 - PRODUCTION, PUBLICATION, DISTRIBUTION, MANUFACTURE, AND COPYRIGHT NOTICE
Place of production, publication, distribution, manufacture Chichester, West Sussex, United Kingdom :
Name of producer, publisher, distributor, manufacturer Wiley Blackwell,
Date of production, publication, distribution, manufacture, or copyright notice [2016]
300 ## - PHYSICAL DESCRIPTION
Extent xiii, 414 pages ;
Dimensions 25 cm
336 ## - CONTENT TYPE
Content type term text
Content type code txt
Source rdacontent
337 ## - MEDIA TYPE
Media type term unmediated
Media type code n
Source rdamedia
338 ## - CARRIER TYPE
Carrier type term volume
Carrier type code nc
Source rdacarrier
500 ## - GENERAL NOTE
General note Revision and expansion of: Basic structures for engineers and architects / Philip Garrison. 2005; and Basic structures / Philip Garrison. 2011.
504 ## - BIBLIOGRAPHY, ETC. NOTE
Bibliography, etc. note Includes bibliographical references and index.
520 ## - SUMMARY, ETC.
Summary, etc. "Provides students with a thorough grounding in the fundamentals of building structures - Explains structural concepts clearly and mathematical aspects in a straightforward, very readable manner, using many analogies and examples"--
Assigning source Provided by publisher.
650 #0 - SUBJECT ADDED ENTRY--TOPICAL TERM
Topical term or geographic name entry element Structural engineering.
650 #7 - SUBJECT ADDED ENTRY--TOPICAL TERM
Topical term or geographic name entry element TECHNOLOGY & ENGINEERING / Structural.
Source of heading or term bisacsh
856 42 - ELECTRONIC LOCATION AND ACCESS
Materials specified Cover image
Uniform Resource Identifier <a href="http://catalogimages.wiley.com/images/db/jimages/9781118950876.jpg">http://catalogimages.wiley.com/images/db/jimages/9781118950876.jpg</a>
906 ## - LOCAL DATA ELEMENT F, LDF (RLIN)
a 7
b cbc
c orignew
d 1
e ecip
f 20
g y-gencatlg
925 0# -
-- acquire
-- 1 shelf copy
-- policy default
-- claim1 2016-09-08
955 ## - COPY-LEVEL INFORMATION (RLIN)
-- xl03 2015-11-04
-- rk05 2016-11-14 to BCCD (telework)
Holdings
Withdrawn status Lost status Source of classification or shelving scheme Damaged status Not for loan Permanent Location Current Location Date acquired Source of acquisition Cost, normal purchase price Total Checkouts Full call number Barcode Date last seen Date last checked out Cost, replacement price Price effective from Koha item type
          BMS College of Architecture, Design and Planning BMS College of Architecture, Design and Planning 2022-03-14 1 4233.99 1 624.1 GAR AR-UG3002 2026-03-18 2026-03-04 5645.32 2023-03-19 UG Books
          BMS College of Architecture, Design and Planning BMS College of Architecture, Design and Planning 2022-03-14 1 4233.99   624.1 GAR AR-UG3003 2023-03-19   5645.32 2023-03-19 UG Books
          BMS College of Architecture, Design and Planning BMS College of Architecture, Design and Planning 2022-03-14 1 4233.99 1 624.1 GAR AR-UG3004 2024-04-16 2024-03-26 5645.32 2023-03-19 UG Books
Copyright © 2025, The Librarian, Library and Information Centre, BMSCA D&P, Bengaluru. All Rights Reserved
web counter

Powered by Koha